|
|
|
|
| LEADER |
00000nab a2200000 a 4500 |
| 001 |
vtls000170109 |
| 003 |
SK-MaSNL |
| 005 |
20260318132352.0 |
| 008 |
220422c1982 xo 0 eng |
| 015 |
|
|
|a SNBRA19rr/mm-uuuuu
|
| 035 |
|
|
|a CL0180220
|
| 040 |
|
|
|a SNKBUCL
|b slo
|c SNKBUCL
|e AACR2
|
| 041 |
0 |
|
|a eng
|
| 044 |
|
|
|a xo
|c SK
|
| 080 |
|
|
|a 636.22/.28
|2 1981
|
| 080 |
|
|
|a 619
|2 1981
|
| 080 |
|
|
|a 615.9
|2 1981
|
| 080 |
|
|
|a 614.9
|2 1981
|
| 100 |
1 |
|
|a Lazarov, E.
|4 aut
|9 938834
|
| 245 |
1 |
0 |
|a A case of fluorosis observed in the cattle from one farm situated in the region of a chemical plant for the period 1970-1979
|c E. Lazarov, G. Dimitrov, D. Dimanov
|
| 650 |
0 |
7 |
|a hovädzí dobytok
|2 snkbucl
|9 2818
|
| 650 |
0 |
7 |
|a fluoróza
|2 snkbucl
|9 970969
|
| 655 |
|
7 |
|a články zo zborníkov
|2 snkbucl
|9 166140
|
| 700 |
1 |
|
|a Dimitrov, G.
|4 aut
|9 1213386
|
| 700 |
1 |
|
|a Dimanov, D.
|4 aut
|9 938833
|
| 773 |
0 |
|
|t Fourth international congress of animal hygiene
|d Bratislava : ÚVO, 1982
|
| 850 |
|
|
|a Slovenská národná knižnica v Martine
|a MTA001
|
| 852 |
|
|
|a SNK
|b KIS3GCP
|
| 958 |
|
|
|a RK
|
| 958 |
|
|
|a ME
|
| 992 |
|
|
|a RZB
|
| 999 |
|
|
|c 2123509
|d 2125439
|